LEADER 04688nam 22007455 450 001 9910585774603321 005 20251113190609.0 010 $a3-031-10986-4 024 7 $a10.1007/978-3-031-10986-7 035 $a(MiAaPQ)EBC7046581 035 $a(Au-PeEL)EBL7046581 035 $a(CKB)24267873300041 035 $a(OCoLC)1336954694 035 $a(BIP)084584913 035 $a(PPN)263897281 035 $a(DE-He213)978-3-031-10986-7 035 $a(EXLCZ)9924267873300041 100 $a20220718d2022 u| 0 101 0 $aeng 135 $aurcnu|||||||| 181 $ctxt$2rdacontent 182 $cc$2rdamedia 183 $acr$2rdacarrier 200 10$aKnowledge Science, Engineering and Management $e15th International Conference, KSEM 2022, Singapore, August 6?8, 2022, Proceedings, Part II /$fedited by Gerard Memmi, Baijian Yang, Linghe Kong, Tianwei Zhang, Meikang Qiu 205 $a1st ed. 2022. 210 1$aCham :$cSpringer International Publishing :$cImprint: Springer,$d2022. 215 $a1 online resource (715 pages) 225 1 $aLecture Notes in Artificial Intelligence,$x2945-9141 ;$v13369 300 $aIncludes index. 311 08$aPrint version: Memmi, Gerard Knowledge Science, Engineering and Management Cham : Springer International Publishing AG,c2022 9783031109850 327 $aKnowledge Engineering Research and Applications (KERA) -- Multi-View Heterogeneous Network Embedding -- A Multi-level Attention-based LSTM Network for Ultra-short-term Solar Power Forecast using Meteorological Knowledge -- Unsupervised Person Re-ID via Loose-Tight Alternate Clustering -- Sparse Dense Transformer Network for Video Action Recognition -- Deep User Multi-Interest Network for Click-Through Rate Prediction -- Open Relation Extraction via Query-based Span Prediction -- Relational Triple Extraction with Relation-Attentive Contextual Semantic Representations -- Mario Fast Learner: Fast and Efficient solutions for Super Mario Bros -- Few-shot Learning with Self-supervised Classifier for Complex Knowledge Base Question Answering -- Data-driven Approach for Investigation of Irradiation Hardening Behavior of RAFM Steel -- Deep-to-bottom Weights Decay: A Systemic Knowledge Review Learning Technique for Transformer Layers in Knowledge Distillation -- Topic and Reference Guided KeyphraseGeneration from Social Media -- DISEL: A Language for Specifying DIS-based Ontologies -- MSSA-FL:High-Performance Multi-Stage Semi-Asynchronous Federated Learning with Non-IID Data -- A GAT-based Chinese Text Classification Model: Using of Redical Guidance and Association Between Characters Across Sentences -- Incorporating Explanation to Balance the Exploration and Exploitation of Deep Reinforcement Learning. 330 $aThe three-volume sets constitute the refereed proceedings of the 15th International Conference on Knowledge Science, Engineering and Management, KSEM 2022, held in Singapore, during August 6?8, 2022. The 169 full papers presented in these proceedings were carefully reviewed and selected from 498 submissions. The papers are organized in the following topical sections: Volume I: Knowledge Science with Learning and AI (KSLA) Volume II: Knowledge Engineering Research and Applications (KERA) Volume III: Knowledge Management with Optimization and Security (KMOS). 410 0$aLecture Notes in Artificial Intelligence,$x2945-9141 ;$v13369 606 $aArtificial intelligence 606 $aImage processing$xDigital techniques 606 $aComputer vision 606 $aEducation$xData processing 606 $aApplication software 606 $aArtificial Intelligence 606 $aComputer Imaging, Vision, Pattern Recognition and Graphics 606 $aComputers and Education 606 $aComputer and Information Systems Applications 615 0$aArtificial intelligence. 615 0$aImage processing$xDigital techniques. 615 0$aComputer vision. 615 0$aEducation$xData processing. 615 0$aApplication software. 615 14$aArtificial Intelligence. 615 24$aComputer Imaging, Vision, Pattern Recognition and Graphics. 615 24$aComputers and Education. 615 24$aComputer and Information Systems Applications. 676 $a658.4038 676 $a006.33 702 $aMemmi$b Gerard$4edt 702 $aYang$b Baijian$4edt 702 $aKong$b Linghe$4edt 702 $aZhang$b Tianwei$4edt 702 $aQiu$b Meikang$4edt 801 0$bMiAaPQ 801 1$bMiAaPQ 801 2$bMiAaPQ 906 $aBOOK 912 $a9910585774603321 996 $aKnowledge Science, Engineering and Management$9772454 997 $aUNINA LEADER 02156nam 22004813 450 001 9910165257903321 005 20230807213229.0 010 $a1-77667-637-8 035 $a(CKB)3710000001065593 035 $a(MiAaPQ)EBC4810777 035 $a(Au-PeEL)EBL4810777 035 $a(CaPaEBR)ebr11350364 035 $a(OCoLC)974583297 035 $a(BIP)59104000 035 $a(EXLCZ)993710000001065593 100 $a20210901d2015 uy 0 101 0 $aeng 135 $aurcnu|||||||| 181 $ctxt$2rdacontent 182 $cc$2rdamedia 183 $acr$2rdacarrier 200 14$aThe Coast of Bohemia 205 $a1st ed. 210 1$aAuckland :$cFloating Press, The,$d2015. 210 4$dİ2017. 215 $a1 online resource (258 pages) 327 $aIntro -- Title -- Contents -- Introductory Sketch -- Chapter I -- Chapter II -- Chapter III -- Chapter IV -- Chapter V -- Chapter VI -- Chapter VII -- Chapter VIII -- Chapter IX -- Chapter X -- Chapter XI -- Chapter XII -- Chapter XIII -- Chapter XIV -- Chapter XV -- Chapter XVI -- Chapter XVII -- Chapter XVIII -- Chapter XIX -- Chapter XX -- Chapter XXI -- Chapter XXII -- Chapter XXIII -- Chapter XXIV -- Chapter XXV -- Chapter XXVI -- Chapter XXVII -- Chapter XXVIII -- Chapter XXIX -- Chapter XXX -- Chapter XXXI -- Chapter XXXII -- Chapter XXXIII -- Chapter XXXIV -- Chapter XXXV -- Chapter XXXVI -- Chapter XXXVII -- Chapter XXXVIII -- Chapter XXXIX. 330 $aIn this engaging novel from "Dean of American Letters" William Dean Howells, a sheltered young woman from the Midwest makes her way to New York to pursue a career as an artist. Once there, she experiences a vertiginous degree of culture shock as she falls in with a crowd of counterculture intellectuals. 606 $aArtists 606 $aPennsylvania 606 $aUpper class 615 0$aArtists. 615 0$aPennsylvania. 615 0$aUpper class. 676 $a813 700 $aHowells$b William Dean$0123448 801 0$bMiAaPQ 801 1$bMiAaPQ 801 2$bMiAaPQ 906 $aBOOK 912 $a9910165257903321 996 $aCoast of Bohemia$91815017 997 $aUNINA